| 000 | 00956nam a2200301 a 4500 | ||
|---|---|---|---|
| 001 | 000014223 | ||
| 005 | 20200929163528.0 | ||
| 008 | 091207s2000 sp 001 f spa d | ||
| 020 | _a849550197X | ||
| 040 |
_aDO-SdBNP _bspa _cBNPHU |
||
| 041 | 1 | 7 |
_aspa _heng _2Código de idioma MARC |
| 082 |
_a813.54 _bG662r, 2000 |
||
| 100 | 1 |
_aGordon, Noah, _d1926- _932136 |
|
| 240 | 1 | 4 |
_aThe rabbi. _lEspañol |
| 245 | 1 | 3 |
_aEl rabino / _cNoah Gordon ; traducción de Adolfo Martín. |
| 250 | _a[26a ed.] | ||
| 260 |
_a[Madrid] : _bSuma de Letras, _c2000. |
||
| 300 |
_a622, [1] p. ; _c18 cm. |
||
| 490 | 1 |
_aPunto de lectura _v2/4 |
|
| 534 |
_pTítulo original en inglés: _tThe rabbi _c1965 |
||
| 500 | _aEdición tomada de la cubierta | ||
| 650 | 4 |
_aNovela estadounidense _9262 |
|
| 650 | 4 |
_aLiteratura estadounidense _ySIGLO XX _96874 |
|
| 700 | 1 |
_aMartín, Adolfo, _etr. _95534 |
|
| 830 | 0 |
_aPunto de lectura ; _v2/4 _93047 |
|
| 910 | _aWM | ||
| 049 | _aBNGR | ||
| 999 |
_c13822 _d13822 |
||